EU Capitals - Sudden Death - Statistics

General Stats
  • This quiz has been taken 4,910 times
  • The average score is 8 of 27
Answers on the Grid
Answers color-coded by a green-red scale on the quiz's grid according to % correct below.
Hamburg
Paris
Helsinki
Nicosia
Porto
Bucharest
Budapest
Bern
Brussels
Sofia
Oslo
Warsaw
Belgrade
Sarajevo
Athens
Luxembourg
Istanbul
Madrid
The Hague
Ankara
Rome
Copenhagen
Valletta
Reykjavik
Dublin
Tirana
Krakow
Tbilissi
Amsterdam
Prague
Rabat
Zadar
Ljubljana
Breteslava
Lisbon
Vilnius
Siena
Monaco
Vienna
Berlin
Astana
Tallinn
Zagreb
London
Malmö
Bratislava
Debrecen
Riga
Lukomir
Stockholm
 
Answer Stats
Answer % Correct
Paris
36%
Rome
35%
Amsterdam
33%
Berlin
33%
Lisbon
33%
Madrid
33%
Athens
32%
Dublin
32%
Vienna
32%
Brussels
31%
Prague
31%
Warsaw
31%
Copenhagen
30%
Luxembourg
30%
Stockholm
30%
Budapest
29%
Helsinki
28%
Bucharest
27%
Sofia
27%
Tallinn
27%
Riga
26%
Bratislava
25%
Ljubljana
25%
Vilnius
25%
Zagreb
25%
Valletta
21%
Nicosia
17%
No matching quizzes found
Score Distribution
Percent of People with Each Score
Percentile by Number Answered
Your Score History
You have not taken this quiz